000 00675nam a22001817a 4500
003 UA-OsUOA
001 8753
007 ta
008 20040925b un ||||| |||| 00| 0 ukr d
100 _aГречко А.
942 _cSA
040 _aUA-OsUOA
_cUA-OsUOA
_dUA-OsUOA
245 _aСходилися стежки месників біля поліського хутора
_b[Про з'єднання партизанів-ковпаківців, що діяли на території Рокитнів. р-ну]
300 _aС.2
955 _a0
773 0 _w0
_tВісті Рівненщини
_dРівне
_d2004
_g№88/22 верес./
650 7 _aІсторія
_2UDC
999 _c294914
_d294914